Score 0/14 Timer 01:30
0 Plays Today
Answer % Correct
Kirk
97.9%
Picard
92%
Spock
76.6%
Pike
70.2%
Riker
66.5%
Archer
65.4%
Data
36.7%
Answer % Correct
Garrett
35.6%
Harriman
33.5%
April
31.9%
Jellico
31.9%
Decker
31.4%
T'Pol
21.8%
Castillo
9.6%
Remove Ads.
Support Sporcle.
Get the best of Sporcle when you Go Orange. This ad-free experience offers more features, more stats, and more fun while also helping to support Sporcle. Thank you for becoming a member.

You're not logged in!

Compare scores with friends on all Sporcle quizzes.
OR
Log In

Show Comments

Extras

Created Dec 29, 2014ReportNominate
Tags:Star Trek Quiz, captain, star, trek

Top Quizzes Today


Score Distribution

Your Account Isn't Verified!

In order to create a playlist on Sporcle, you need to verify the email address you used during registration. Go to your Sporcle Settings to finish the process.

Report this User

Report this user for behavior that violates our Community Guidelines.

Details: